Najmłodsi zawodnicy w historii Ligi mistrzów - Statystyki

Ogólne statystyki
  • Ten quiz został rozwiązany 11 razy
  • Średni wynik to 3 z 14
Statystyki odpowiedzi
Klub debiutu Wiek debiutu Zawodnik % Poprawnych
FC Barcelona 16 lat ,68 dni Yamal
100%
FC Barcelona 16 lat ,321 dni Fati
45%
Borussia Dortmund 16 lat ,18 dni Moukoko
45%
Olymique Lyon 16 lat ,102 dni Cherki
27%
FC Barcelona 17 lat ,22 dni Bojan
18%
AC Milan 16 lat ,226 dni Camarda
18%
PSG 16 lat ,231 dni Zaire-Emery
18%
Anderlecht 16 lat ,86 dni Babayaro
0%
Arsenal 17 lat ,84 dni Fabregas
0%
Dynamo Zagrzeb 16 lat ,128 dni Halilovic
0%
Panathinaikos 16 lat ,241 dni Mavrias
0%
Real Madryt 17 lat ,102 dni Odegaard
0%
Anderlecht 16 lat ,148 dni Tielemans
0%
Kopenhaga 16 lat ,262 dni Zohore
0%
Nie znaleziono quizów pasujących do podanych kryteriów
Rozkład punktacji
Procent ludzi z każdym wynikiem
Percentyl według liczby udzielonych odpowiedzi
Twoja historia wyników
Nie rozwiązałeś tego quizu